Ordenanza para el régimen, constitución y servicio de la Milicia Nacional local de la península e islas adyacentes (Record no. 153836)

MARC details
000 -LEADER
campo de control de longitud fija 00701nam a2200157 i 4500
001 - NÚMERO DE CONTROL
campo de control 153836
003 - IDENTIFICADOR DE NÚMERO DE CONTROL
campo de control ES-MaACL
005 - FECHA Y HORA DE LA ÚLTIMA TRANSACCIÓN
campo de control 20230906205413.0
008 - DATOS DE LONGITUD FIJA--INFORMACIÓN GENERAL
campo de control de longitud fija 041014s1836 sp |||| | spa d
110 1# - ENTRADA PRINCIPAL--NOMBRE DE ENTIDAD CORPORATIVA
Nombre de entidad corporativa o nombre de jurisdicción como elemento de entrada España.
Unidad subordinada Cortes Generales.
9 (RLIN) 3668
245 10 - MENCIÓN DEL TÍTULO
Título Ordenanza para el régimen, constitución y servicio de la Milicia Nacional local de la península e islas adyacentes
Resto del título : formada por las Cortes en 29 de junio de 1822, y mandada observar por S.M. en Real decreto de 22 de agosto de 1836.
260 ## - PUBLICACIÓN, DISTRIBUCIÓN, ETC.
Lugar de publicación, distribución, etc. Madrid :
Nombre del editor, distribuidor, etc. [s.n.],
Fecha de publicación, distribución, etc. 1836 (
Fabricante Oficina de Tomás Jordán)
300 ## - DESCRIPCIÓN FÍSICA
Extensión 32 p. ;
Dimensiones 18 cm.
650 04 - PUNTO DE ACCESO ADICIONAL DE MATERIA--TÉRMINO DE MATERIA
Término de materia o nombre geográfico como elemento de entrada Milicias-
Subdivisión geográfica España.
9 (RLIN) 143671
852 ## - LOCALIZACIÓN
Ubicación ES-MaACL
Número de control de estantería Fol-Laf-504
Nota libre . - Legado M. de La Fuente
Holdings
Estatus retirado Estado de pérdida Estado de daño No para préstamo Colección Biblioteca de origen Biblioteca actual Ubicación en estantería Fecha de adquisición Fuente de adquisición Total de préstamos Signatura topográfica completa Código de barras Visto por última vez Precio de reemplazo Tipo de ítem Koha
        Colección de folletos Biblioteca del Ateneo de Madrid Biblioteca del Ateneo de Madrid Depósito folletos 17/01/2008     Fol-Laf-504 1160837 23/02/2023 23/02/2023 Folleto